Представление документа в формате RUSMARC

ПолеНазваниеЗначение
  Тип записи a
  Библиографический уровень m
001 Контрольный номер RU/CBS_UL/BASE/a7550593487b400aab4a2ca018f1ba12
005 Дата корректировки 20250514092815.7
010 Индекс ISBN __
a ISBN 978-5-517-10846-3
b Уточнения в пер.
d Цена 590 р. 70 к.
100 Данные общей обработки __
a Данные общей обработки 20150527d2015 ||| 0rusy0189 ca
101 Язык документа 0_
a Язык текста rus
102 Страна публикации __
a Страна публикации RU
105 Кодированные данные (монография) __
a Кодированные данные (монография) y###||||000|y
181 Поле кодированных данных: вид содержания _1
a Код вида содержания (ISBD) i#
b Код характеристики содержания (ISBD) #xxe##
d i
g x
h x
i e
182 Поле кодированных данных: тип средства _1
a Код типа средства (ISBD) n
2 Код системы (источник кода, отличный от ISBD) isbdmedia
200 Заглавие и сведения об ответственности 1_
a Заглавие Жизнь Иисуса Христа
b Общее обозначение материала Текст
f Первые сведения об ответственности Ф. В. Фаррар
g Последующие сведения об ответственности пер. с англ. А. П. Лопухин
w Текст (визуальный) : непосредственный
203 Вид содержания и тип средства __
a Вид содержания Текст
b Характеристика содержания визуальный
c Тип средства непосредственный
210 Выходные данные 1_
a Место издания Москва
c Издательство Т8 Издательские технологии
210 Выходные данные 1_
a Место издания Санкт-Петербург
c Издательство Пальмира
d Дата издания 2024
215 Физическое описание __
a Объем 710, [1] с.
d Формат 21,5 см.
300 Общие примечания __
a Общие примечания 12+
606 Тематические рубрики 0_
a Основная рубрика Христианство - История
610 Ключевые слова 0_
a Ключевые слова Иисус Христос
a Ключевые слова христианство
a Ключевые слова история христианства
a Ключевые слова евангелие; жизнь земная; история евангельская
686 Индексы других классификаций __
a Классификационный индекс 86.37
2 Код системы ББК
700 Автор _0
a Фамилия Фаррар
b Имя (инициалы) Ф. В.
g Полное личное имя Фредерик Вильям
801 Источник записи _0
a Страна RU
b Организация МБУК ЦБС
c Дата составления 20150527
g Правила каталогизации RCR
801 Источник записи _1
a Страна RU
b Организация МБУК ЦБС г. Ульяновска
c Дата составления 20150527
g Правила каталогизации RCR
852 Данные о местонахождении __
i Авторский знак Ф 25
j Шифр хранения 86.37
900 Электронные ресурсы __
a Имя электронного ресурса жизнь ии
901 Тип документа __
t Тип документа m